| 000 | 01017nmc a2200337 a 4500 | ||
|---|---|---|---|
| 003 | AR-BaBNM | ||
| 005 | 20251128210309.0 | ||
| 008 | 011101s1999 ||||||||||||||000 | spa|| | ||
| 020 | _a84-7133-680-4 | ||
| 040 | _cAR-BaBNM | ||
| 100 | 1 | _aCano García, Elena | |
| 245 | 1 | 0 | _aEvaluación de la calidad educativa |
| 250 | _a2ª ed. | ||
| 260 |
_aMadrid _bLa muralla _bOEI _c1999 |
||
| 300 | 0 |
_a339 p. _btablas, gráfs. |
|
| 490 | 0 | _aAula abierta | |
| 500 | 1 | _aOEI: Organización de Estados Iberoamericanos para la Educación, la Ciencia y la Cultura | |
| 650 | 4 | _aCALIDAD DE LA EDUCACION | |
| 650 | 4 | _aECONOMIA DE LA EDUCACION | |
| 650 | 4 | _aADMINISTRACION DE LA EDUCACION | |
| 650 | 4 | _aCRITERIOS DE EVALUACION | |
| 650 | 4 | _aMETODOS DE EVALUACION | |
| 651 | 4 | _aEstados Unidos | |
| 651 | 4 | _aEspaña | |
| 653 | 0 | _aSISTEMA EDUCATIVO | |
| 653 | 0 | _aCALIDAD TOTAL | |
| 653 | 0 | _aINDICADORES EDUCATIVOS | |
| 653 | 0 | _aEVALUACION EDUCATIVA | |
| 800 | 1 |
_aCasanova, María Antonia _edirector |
|
| 942 | _cBK | ||
| 999 |
_c14843 _d14843 |
||